000 00490nam a2200169Ia 4500
999 _c12752
_d12752
003 OSt
005 20201016094619.0
008 190216s9999||||xx |||||||||||||| ||und||
040 _coclc
082 _a823.912
_bWOD/U
100 _aWodehouse, P G
_94773
245 0 _aUncle Fred In The Springtime /
_cPG Wodehouse
260 _bPenguin Books,
_c1976.
_aNew zealand:
300 _a223p
650 _aEnglish Novel
942 _cBK
_2ddc
_h823.912
_iWOD/U
_k823.912
_mWOD/U